Countries That Made Up The Soviet Union - Statistics

General Stats
  • This quiz has been taken 43 times
  • The average score is 13 of 15
Answer Stats
Answer % Correct
Ukraine
100%
Belarus
95%
Russia
92%
Estonia
90%
Kazakhstan
90%
Latvia
90%
Lithuania
90%
Azerbaijan
87%
Georgia
87%
Uzbekistan
87%
Moldova
85%
Tajikistan
85%
Armenia
82%
Kyrgyzstan
82%
Turkmenistan
82%
No matching quizzes found
Score Distribution
Percent of People with Each Score
Percentile by Number Answered
Your Score History
You have not taken this quiz